000 00208nam a2200109Ia 4500
100 _a#N/A
942 _cBK
654 _asix sigma
245 _aElements of Six Sigma -ET
260 _b#N/A
546 _aENGLISH
999 _c30855
_d30855